000 00619nam a2200217Ia 4500
005 20241216010942.0
008 190212s9999||||xx |||||||||||||| ||und||
020 _a84-89660-24-7
082 _a004.22
_bS78
100 _aSTALLINGS, WILLIAM
245 0 _aORGANIZACION Y ARQUITECTURA DE COMPUTADORES
_bDISEÑO PARA OPTIMIZAR PRESTACIONES
250 _a4
260 _aESPAÑA
_bPRENTICE HALL
_c1997
300 _a687 pag
_c24 pag
341 _h0
490 _v0
_a0
505 _aPROCEDIMIENTOS-UNIDAD DE CONTROL/DESEMPE O-SISTEMAS
541 _aC
_d01-Jun-00
_oSoles
650 _aOBRAS GENERALES
942 _cLIBRO
999 _c28574
_d28574